Statistics for Countries with as Many Vowels and Consonants

Click here to take the quiz!

General Stats

  • This quiz has been taken 32 times
  • The average score is 20 of 49

Answer Stats

no*Country% Correct
4Peru
78%
6Canada
70%
6Mexico
70%
4Cuba
67%
4Iran
67%
4Iraq
67%
4Oman
67%
6Greece
63%
6Panama
59%
6Belize
56%
6Israel
56%
6Russia
56%
4Laos
52%
10South Korea
52%
6Zambia
52%
8Colombia
48%
6Gambia
48%
4Mali
48%
6Turkey
48%
18United Arab Emirates
48%
4Fiji
44%
6Latvia
44%
6Norway
44%
4Togo
44%
10Azerbaijan
41%
6Malawi
37%
6Angola
33%
8Dominica
33%
8MOngolia
33%
8Slovakia
33%
6Taiwan
33%
8Bulgaria
30%
8Cameroon
30%
6Kuwait
30%
8Slovenia
30%
8Suriname
30%
6Tuvalu
30%
6Brunei
26%
8Cambodia
26%
8Tanzania
26%
6Uganda
26%
10Ivory Coast
22%
6Monaco
22%
6Serbia
22%
8Djibouti
19%
8Kiribati
19%
10Micronesia
19%
10Saint Lucia
19%
8Eswatini
11%

Score Distribution

Percentile by Number Answered

Percent of People with Each Score

Your Score History

You have not taken this quiz